000 00498nam a2200181Ia 4500
005 20250508151557.0
008 008 250505s9999 xx 000 0 eng d
037 _aBooks to be hide in OPAC
040 _aFEDL
_beng
_cFEDL
041 _aeng
_2eng
084 _a500, NEU/O
_qFEDL
100 _aNeurath Marie
_9458296
245 0 _aVisual science, second book
260 _aLondon, UK
_bMax Parrish
_c1950
300 _a48p.
942 _cHB
_h500, NEU/O
999 _c1330733
_d1330733